Supporting development, enabling growth (Record no. 115624)

MARC details
000 -LEADER
fixed length control field 01116cam a22002175a 4500
001 - CONTROL NUMBER
control field L159001
008 - FIXED-LENGTH DATA ELEMENTS--GENERAL INFORMATION
fixed length control field 150619s2015 xxk f 000 0 eng d
035 ## - SYSTEM CONTROL NUMBER
System control number (Sirsi) u159001
041 0# - LANGUAGE CODE
Language code of text/sound track or separate title eng
110 2# - MAIN ENTRY--CORPORATE NAME
Corporate name or jurisdiction name as entry element Deloitte
9 (RLIN) 5633
245 00 - TITLE STATEMENT
Title Supporting development, enabling growth
Remainder of title the economic contribution of Central London?s construction industry
-- report for the City and Westminster Property Associations
Medium [electronic resource]
260 ## - PUBLICATION, DISTRIBUTION, ETC.
Place of publication, distribution, etc. London
Name of publisher, distributor, etc. Deloitte
Date of publication, distribution, etc. 2015
520 ## - SUMMARY, ETC.
Summary, etc. Reveals the extent of the economic contribution to both the capital, and the wider United Kingdom, of Central London's construction industry. Through its supply chain expenditure on materials and the wages paid to employees, Central London?s construction industry impacts other sectors operating both within London and the rest of the UK.
590 ## - LOCAL NOTE (RLIN)
Local note KA
650 24 - SUBJECT ADDED ENTRY--TOPICAL TERM
Topical term or geographic name entry element ECONOMIC GROWTH
650 24 - SUBJECT ADDED ENTRY--TOPICAL TERM
Topical term or geographic name entry element ECONOMIC IMPACT
651 #4 - SUBJECT ADDED ENTRY--GEOGRAPHIC NAME
Geographic name London
690 ## - LOCAL SUBJECT ADDED ENTRY--TOPICAL TERM (OCLC, RLIN)
Topical term or geographic name as entry element CONSTRUCTION
856 40 - ELECTRONIC LOCATION AND ACCESS
Uniform Resource Identifier <a href="https://drive.google.com/file/d/0B9mbI9ICbb5kSGl4c09qbzlqbHM/view">https://drive.google.com/file/d/0B9mbI9ICbb5kSGl4c09qbzlqbHM/view</a>
Public note View the item free of charge from the citypropertyasociation.com
942 ## - ADDED ENTRY ELEMENTS (KOHA)
Suppress in OPAC 0
Holdings
Withdrawn status Lost status Source of classification or shelving scheme Damaged status Not for loan Home library Current library Shelving location Date acquired Total Checkouts Full call number Barcode Date last seen Copy number Price effective from Koha item type
    Dewey Decimal Classification     Virtual Virtual Online 01/12/2015   ONLINE PUBLICATION 159001-2001 06/08/2019 1 06/08/2019 Book